[Event "74. Deutsche Meisterschaft"]
[Site "Saarbruecken"]
[Date "2002.11.30"]
[Round "9"]
[White "Stewart, Neil"]
[Black "Tabatt, Hendrik"]
[Result "0-1"]
[WhiteElo "2388"]
[BlackElo "2222"]
[PlyCount "86"]

1. e4 e5 2. Nf3 Nc6 3. Nc3 Nf6 4. d4 Bb4 5. Nxe5 Nxe4 6. Qg4 Nxc3 7. Qxg7 Rf8
8. a3 Nxd4 9. axb4 Nxc2+ 10. Kd2 Nxa1 11. Kxc3 a5 12. Bg5 axb4+ 13. Kd3 f6 14.
Be2 Qe7 15. Bh5+ Kd8 16. Nf7+ Rxf7 17. Bxf7 Qd6+ 18. Ke2 Qa6+ 19. Kd2 Qd6+ 20.
Ke2 Qa6+ 21. Ke1 Nc2+ 22. Kd2 Qd6+ 23. Kxc2 Qc6+ 24. Kd2 Qd6+ 25. Ke2 fxg5 26.
Qg8+ Ke7 27. Re1 Qh6 28. Bc4 c6 29. Kf1+ Kd6 30. Qh8 Qxh2 31. Qd4+ Kc7 32. g3
Ra1 33. Qe5+ d6 34. Qe7+ Bd7 35. Rxa1 Qh1+ 36. Ke2 Qxa1 37. Be6 Qxb2+ 38. Kd1
Qd4+ 39. Kc1 Qc3+ 40. Kd1 Qd3+ 41. Kc1 Qf1+ 42. Kd2 Qxf2+ 43. Kd1 Qd4+ 0-1

[Event "74. Deutsche Meisterschaft"]
[Site "Saarbruecken"]
[Date "2002.11.30"]
[Round "9"]
[White "Pirrot, Dieter"]
[Black "Mayer, Frank"]
[Result "1/2-1/2"]
[WhiteElo "2421"]
[BlackElo "2288"]
[PlyCount "51"]

1. e4 c5 2. c3 e6 3. d4 d5 4. e5 Nc6 5. Nf3 Bd7 6. dxc5 Bxc5 7. b4 Bb6 8. b5
Na5 9. Bd3 Qc7 10. O-O Nc4 11. Bxc4 Qxc4 12. a4 Ne7 13. Ba3 Nf5 14. Bb4 Rc8 15.
Nbd2 Qf4 16. Nb3 Rc4 17. Qd3 Nh4 18. Nxh4 Qxh4 19. a5 Bd8 20. b6 a6 21. Nd4 Be7
22. Rab1 Bc5 23. f4 O-O 24. Qd2 Rc8 25. Rb2 Ba4 26. Bxc5 1/2-1/2